| 000 | 00421nam a22001697a 4500 | ||
|---|---|---|---|
| 003 | CEME | ||
| 005 | 20210628202925.0 | ||
| 008 | 210119b xxu||||| |||| 00| 0 eng d | ||
| 040 | _cceme | ||
| 082 | _a909.82 CLA | ||
| 100 |
_aClausewitz, Carl Von _92759 |
||
| 245 | _aOn war, vol-1 and vol-3 | ||
| 260 |
_aKARACHI _bROUTLEDGE _c1989 |
||
| 300 | _a347P | ||
| 650 |
_aWAR STRATEGY.PLAN OF WAR _962331 |
||
| 942 |
_cBK _2ddc |
||
| 999 |
_c571467 _d571467 |
||